| 000 | 00735nam a2200241 a 4500 | ||
|---|---|---|---|
| 001 | 5468 | ||
| 003 | BD-RjUL | ||
| 005 | 20211208234054.0 | ||
| 008 | 160724r19681952nyua 000 0 eng | ||
| 035 | _a(BD-RjUL )5504 | ||
| 035 | _a(OCoLC)230852 | ||
| 040 |
_aDLC _cODaWU _dOCoLC _dUk _dDLC _dBD-RjUL _beng |
||
| 041 | _aeng | ||
| 082 | 0 | 0 |
_a338.1 _bHEE 1968 _223 |
| 100 | 1 |
_aHeady, Earl Orel, _d1916- _917164 |
|
| 245 | 1 | 0 |
_aEconomics of agricultural production and resource use / _cEarl O. Heady. |
| 260 |
_aNew York : _bPrentice-Hall, _c1952.[Indian reprint 1961,1968] |
||
| 300 |
_a850 p. : _bill. ; _c24 cm. |
||
| 504 | _aIncludes index. | ||
| 650 | 0 |
_aAgriculture _xEconomic aspects. _917165 |
|
| 942 |
_2ddc _cBK |
||
| 999 |
_c5468 _d5468 |
||